<?xml version="1.0" encoding="UTF-8"?><?xml-stylesheet type="text/xsl" href="static/style.xsl"?><OAI-PMH xmlns="http://www.openarchives.org/OAI/2.0/" xmlns:xsi="http://www.w3.org/2001/XMLSchema-instance" xsi:schemaLocation="http://www.openarchives.org/OAI/2.0/ http://www.openarchives.org/OAI/2.0/OAI-PMH.xsd"><responseDate>2026-06-01T23:27:31Z</responseDate><request verb="GetRecord" identifier="oai:riuma.uma.es:10630/27599" metadataPrefix="marc">https://riuma.uma.es/rest/oai/request</request><GetRecord><record><header><identifier>oai:riuma.uma.es:10630/27599</identifier><datestamp>2026-02-03T10:25:28Z</datestamp><setSpec>com_10630_1685</setSpec><setSpec>col_10630_38055</setSpec></header><metadata><record xmlns="http://www.loc.gov/MARC21/slim" xmlns:dcterms="http://purl.org/dc/terms/" xmlns:doc="http://www.lyncode.com/xoai" xmlns:xsi="http://www.w3.org/2001/XMLSchema-instance" xsi:schemaLocation="http://www.loc.gov/MARC21/slim http://www.loc.gov/standards/marcxml/schema/MARC21slim.xsd">
   <leader>00925njm 22002777a 4500</leader>
   <datafield ind2=" " ind1=" " tag="042">
      <subfield code="a">dc</subfield>
   </datafield>
   <datafield ind2=" " ind1=" " tag="720">
      <subfield code="a">Ruiz Ruiz, Juan Carlos</subfield>
      <subfield code="e">author</subfield>
   </datafield>
   <datafield ind2=" " ind1=" " tag="260">
      <subfield code="c">2023</subfield>
   </datafield>
   <datafield ind2=" " ind1=" " tag="520">
      <subfield code="a">En todas las empresas de desarrollo software con un número suficiente de&#xd;
empleados es necesaria la organización mediante diferentes metodologías, en concreto, una de las más utilizadas es la metodología SCRUM. Para el buen funcionamiento de esta u otra metodología ágil es necesario el uso de aplicaciones donde manejar las tareas de cada desarrollador. Este tipo de aplicaciones se usan en&#xd;
conjunto a gestores de versiones donde alojar el proyecto desarrollado. Dos aplicaciones muy utilizadas en estos campos son Open Project y GitHub, y a raíz del&#xd;
uso extendido de ambas aplicaciones aparece la necesidad de combinarlas y utilizarlas simultáneamente. Es en ese caso donde GHOPI toma importancia. GHOPI&#xd;
es un servicio web de código abierto a disposición de los grupos de investigación&#xd;
para poder sincronizar Open Project con GitHub, permitiendo así el intercambio&#xd;
de información entre ambas y mejorando la productividad del grupo a través de&#xd;
la eficiencia.</subfield>
   </datafield>
   <datafield ind1="8" ind2=" " tag="024">
      <subfield code="a">https://hdl.handle.net/10630/27599</subfield>
   </datafield>
   <datafield tag="653" ind2=" " ind1=" ">
      <subfield code="a">Programas de aplicación - Desarrollo</subfield>
   </datafield>
   <datafield tag="653" ind2=" " ind1=" ">
      <subfield code="a">Soporte lógico libre</subfield>
   </datafield>
   <datafield tag="653" ind2=" " ind1=" ">
      <subfield code="a">Ingeniería del software</subfield>
   </datafield>
   <datafield tag="653" ind2=" " ind1=" ">
      <subfield code="a">Informática - Trabajos Fin de Grado</subfield>
   </datafield>
   <datafield tag="653" ind2=" " ind1=" ">
      <subfield code="a">Grado en Ingeniería de la Salud - Trabajos Fin de Grado</subfield>
   </datafield>
   <datafield ind2="0" ind1="0" tag="245">
      <subfield code="a">Aplicación web de sincronización entre Open Project y Github.</subfield>
   </datafield>
</record>
</metadata></record></GetRecord></OAI-PMH>